[Event "Sparkassen-Open A"]
[Site "Heusenstamm, Martinsee"]
[Date "2023.11.24"]
[Round "2.87"]
[White "Billerbeck, Nick"]
[Black "Weil, Michael"]
[Result "0-1"]
[WhiteElo "1659"]
[BlackElo "1882"]
[PlyCount "60"]
[EventDate "2023.??.??"]
[WhiteTeam "SV Unterkochen"]
[BlackTeam "SC Steinbach"]

1. e4 Nf6 2. e5 Nd5 3. Nc3 Nxc3 4. bxc3 d5 5. Ba3 g6 6. d4 Bg7 7. Bd3 O-O 8. Nf3 b6 9. Qe2 h6 10. O-O Be6 11. Nd2 c5 12. dxc5 Qc7 13. f4 bxc5 14. c4 d4 15. Be4 Nd7 16. Bxa8 Rxa8 17. Qf3 Rf8 18. Rab1 Qa5 19. Rfd1 Bf5 20. Rb5 Qa6 21. Qb3 Rc8 22. Bb2 g5 23. fxg5 hxg5 24. Nf3 Qg6 25. Rd2 g4 26. Nh4 Qg5 27. Nxf5 Qxd2 28. Nxe7+ Kf8 29. Qg3 Kxe7 30. h4 Bxe5 0-1

[Event "Sparkassen-Open A"]
[Site "Heusenstamm, Martinsee"]
[Date "2023.11.24"]
[Round "2.88"]
[White "Trumpp, Lothar"]
[Black "Degenhardt, Andreas"]
[Result "1-0"]
[WhiteElo "1885"]
[BlackElo "1714"]
[PlyCount "141"]
[EventDate "2023.??.??"]
[WhiteTeam "VSG 1880 Offenbach"]
[BlackTeam "SC 1970 Lorsch"]

1. b3 c5 2. c4 Nc6 3. Bb2 e6 4. g3 d5 5. Bg2 Nf6 6. d3 d4 7. Nd2 Be7 8. Ngf3 O-O 9. O-O Qc7 10. e4 Nd7 11. Ne1 f5 12. f4 a5 13. a3 a4 14. e5 axb3 15. Nxb3 Nb6 16. Rf2 Bd7 17. Rb1 Na4 18. Qc2 Ra7 19. Bc1 Rfa8 20. Ra1 Nc3 21. Bb2 Na4 22. Nf3 Nxb2 23. Qxb2 Qb6 24. Ne1 Ra6 25. Bf3 Qa7 26. Nc2 Rb6 27. Qa2 Nd8 28. Ne1 Ra6 29. Nc2 Rb6 30. Rb1 Ba4 31. Nba1 Bc6 32. Bd1 Rxb1 33. Qxb1 b6 34. Nb3 Qb7 35. Nd2 g5 36. Bf3 g4 37. Bxc6 Nxc6 38. h3 h5 39. Qd1 Kg7 40. hxg4 hxg4 41. Qe2 Rh8 42. Rg2 Qa8 43. Nf1 Rh3 44. Qd1 Kf8 45. Qb1 Qa5 46. Qb5 Qxb5 47. cxb5 Na5 48. Nd2 Ke8 49. a4 Kd7 50. Na3 Kc7 51. Nf1 Kb7 52. Rc2 Rh8 53. Nd2 Ra8 54. Ra2 Rh8 55. Kg2 Rh7 56. Nac4 Nxc4 57. Nxc4 Bd8 58. Nd6+ Kb8 59. Ra1 Bc7 60. Nc4 Kb7 61. a5 bxa5 62. b6 Bb8 63. Rxa5 Rh8 64. Ra1 Rh7 65. Rh1 Rxh1 66. Kxh1 Kc6 67. Kg2 Kb5 68. Kf2 Kb4 69. Ke2 Kc3 70. Na5 c4 71. Nxc4 1-0

[Event "Sparkassen-Open A"]
[Site "Heusenstamm, Martinsee"]
[Date "2023.11.24"]
[Round "2.89"]
[White "Feick, Claas Marten"]
[Black "Plaumann, Arvin"]
[Result "0-1"]
[WhiteElo "1553"]
[BlackElo "1805"]
[PlyCount "130"]
[EventDate "2023.??.??"]
[WhiteTeam "SF Neuberg"]
[BlackTeam "Sfr.Heidesheim"]

1. d4 d5 2. Bf4 Nf6 3. Nf3 c5 4. e3 Nc6 5. c3 Qb6 6. dxc5 Qxb2 7. Nbd2 Bf5 8. Nd4 Bg6 9. Bb5 Nd7 10. Qc1 Qxc1+ 11. Rxc1 Rc8 12. Nxc6 bxc6 13. Ba6 Rd8 14. Bc7 Nxc5 15. Bxd8 Bd3 16. Nb3 Nxa6 17. Ba5 c5 18. Rd1 Bc4 19. e4 e6 20. exd5 exd5 21. Kd2 Bd6 22. Kc2 Kd7 23. Nd2 Bb5 24. Nb3 c4 25. Rxd5 cxb3+ 26. axb3 Bc6 27. Rd2 Re8 28. f3 Re6 29. Ra1 Bb7 30. c4 Ke7 31. Bc3 g6 32. g3 Bc8 33. f4 Bb7 34. Kb2 f5 35. Rad1 Nc5 36. Bb4 Ne4 37. Bxd6+ Rxd6 38. Rxd6 Nxd6 39. c5 Ne4 40. b4 a6 41. Ka3 h6 42. Kb3 Bc6 43. Ra1 Bb5 44. Rc1 Nd2+ 45. Kb2 Nf3 46. c6 Kd8 47. c7+ Kc8 48. h3 Nd2 49. g4 Ne4 50. gxf5 gxf5 51. Rg1 Nf2 52. Rg6 Nxh3 53. Rf6 Bd3 54. Kc3 Nxf4 55. Rxh6 Bb5 56. Kd2 Nd3 57. Rh5 f4 58. Rh3 Kxc7 59. Rf3 Kd6 60. Kc3 Kd5 61. Rh3 Ke4 62. Rh7 Ke3 63. Re7+ Kf2 64. Kd2 f3 65. Rg7 Nxb4 0-1

[Event "Sparkassen-Open A"]
[Site "Heusenstamm, Martinsee"]
[Date "2023.11.24"]
[Round "2.90"]
[White "Weyerer, Noah"]
[Black "Zarriess, Benjamin"]
[Result "1-0"]
[WhiteElo "1747"]
[BlackElo "1732"]
[PlyCount "113"]
[EventDate "2023.??.??"]
[WhiteTeam "SV Oberursel"]
[BlackTeam "Hamburg"]

1. c4 e6 2. Nc3 d5 3. cxd5 exd5 4. d4 c6 5. Bf4 Bd6 6. Bg3 Ne7 7. e3 O-O 8. Bd3 Bf5 9. Nf3 Bxd3 10. Qxd3 Re8 11. Ne5 Nc8 12. f4 Qe7 13. Kf2 Nd7 14. Rhf1 Nf6 15. Kg1 Bb4 16. Bh4 Qd8 17. Rf3 Be7 18. Rh3 g6 19. f5 Kg7 20. fxg6 hxg6 21. Rg3 Ne4 22. Bxe7 Qxe7 23. Nxe4 dxe4 24. Qxe4 Qe6 25. Rf1 Nd6 26. Qf4 Re7 27. h4 Rh8 28. Rg5 Rh6 29. h5 Kh7 30. hxg6+ fxg6 31. Ng4 Rf7 32. Qe5 Rxf1+ 33. Kxf1 Rh1+ 34. Ke2 Qc4+ 35. Kf3 Qf1+ 36. Kg3 Qe1+ 37. Nf2 Nf5+ 38. Rxf5 gxf5 39. Qxf5+ Kh8 40. Qc8+ Kg7 41. Qxb7+ Kf8 42. Qa8+ Ke7 43. Qxa7+ Ke6 44. d5+ cxd5 45. Qa6+ Ke5 46. Kf3 Rf1 47. Qe2 Qb1 48. Kg3 Ke6 49. Qa6+ Kd7 50. Qb5+ Ke6 51. Qa6+ Kd7 52. Qd3 Qe1 53. Qxd5+ Ke7 54. Qe5+ Kf7 55. Qf4+ Ke6 56. a4 Qa5 57. Qc4+ 1-0

[Event "Sparkassen-Open A"]
[Site "Heusenstamm, Martinsee"]
[Date "2023.11.24"]
[Round "2.91"]
[White "Gruber, Reiner"]
[Black "Berberich, Christoph"]
[Result "0-1"]
[WhiteElo "1732"]
[BlackElo "1859"]
[PlyCount "46"]
[EventDate "2023.??.??"]
[WhiteTeam "SK 1927 Dieburg"]
[BlackTeam "SK Freiburg-Zähringen 1887 e.V."]

1. d4 c5 2. d5 Nf6 3. c4 b5 4. b3 g6 5. Bb2 Bg7 6. e4 d6 7. Nf3 O-O 8. Bd3 bxc4 9. bxc4 Na6 10. Nbd2 Qa5 11. O-O Rb8 12. Nb3 Qa4 13. Qe2 Bg4 14. Bc3 Nb4 15. Bb1 Bxf3 16. gxf3 Qd7 17. f4 Qh3 18. Qe3 Qg4+ 19. Qg3 Qe2 20. Nd2 Nh5 21. Qh3 Nxf4 22. Qg3 Bxc3 23. Qxc3 Qg4+ 0-1

[Event "Sparkassen-Open A"]
[Site "Heusenstamm, Martinsee"]
[Date "2023.11.24"]
[Round "2.92"]
[White "Kolker, Vladislav"]
[Black "Fischermann, Simon"]
[Result "0-1"]
[WhiteElo "1874"]
[BlackElo "1634"]
[PlyCount "120"]
[EventDate "2023.??.??"]
[WhiteTeam "SC Bad Nauheim"]
[BlackTeam "SG Porz e. V."]

1. e4 e5 2. f4 d5 3. exd5 exf4 4. Nf3 c6 5. d4 Bd6 6. c4 cxd5 7. cxd5 Ne7 8. Nc3 O-O 9. Bc4 Qc7 10. Bb3 a6 11. O-O Ng6 12. Ne4 Bf5 13. Nxd6 Qxd6 14. Ne5 Be4 15. Nc4 Qxd5 16. Ne5 Qd8 17. Nxg6 hxg6 18. Bxf4 Bd5 19. Be3 Nc6 20. Bxd5 Qxd5 21. Qf3 Rad8 22. Rfd1 Qxf3 23. gxf3 Rd5 24. Rd2 Re8 25. Bf2 Re6 26. Kg2 Red6 27. Rc1 Rg5+ 28. Kf1 f6 29. Be3 Rf5 30. Kg2 Kf7 31. Rc5 Ne7 32. Rxf5 Nxf5 33. Bf2 b5 34. f4 Ne7 35. Kf3 f5 36. a3 Re6 37. Bh4 Nd5 38. Bg5 Re3+ 39. Kf2 Re4 40. Kf3 Nb6 41. b3 Nd5 42. Rd3 a5 43. h3 Kg8 44. a4 b4 45. Bd8 Nxf4 46. Rd2 Nd5 47. Rd3 Re8 48. Bxa5 Ra8 49. Bxb4 Nxb4 50. Rc3 Ra5 51. Rc7 Nd5 52. Rd7 g5 53. Kg3 Nf6 54. Rb7 Kh7 55. Re7 Rd5 56. Re5 Rxe5 57. dxe5 Nd5 58. h4 gxh4+ 59. Kxh4 Kh6 60. a5 Nb4 0-1

[Event "Sparkassen-Open A"]
[Site "Heusenstamm, Martinsee"]
[Date "2023.11.24"]
[Round "2.93"]
[White "Stephanblome, Felix"]
[Black "Francke, Helmut"]
[Result "1-0"]
[WhiteElo "1683"]
[BlackElo "1872"]
[PlyCount "75"]
[EventDate "2023.??.??"]
[WhiteTeam "SV 1934 Ffm-Griesheim"]
[BlackTeam "SC Bad Nauheim"]

1. e4 c5 2. b3 Nc6 3. Bb2 e6 4. Bb5 Qc7 5. Nf3 Nf6 6. Nc3 Be7 7. d4 cxd4 8. Nxd4 O-O 9. O-O a6 10. Bxc6 dxc6 11. Qf3 c5 12. Nde2 b5 13. Ng3 Bb7 14. Qe3 c4 15. Nce2 Rac8 16. f4 Bc5 17. Bd4 Bxd4 18. Nxd4 Qc5 19. h3 Rfd8 20. Rfd1 e5 21. fxe5 Qxe5 22. Ndf5 Nxe4 23. Nxe4 Bxe4 24. Rxd8+ Rxd8 25. Re1 Qxf5 26. Qxe4 Qxe4 27. Rxe4 cxb3 28. axb3 Kf8 29. c4 bxc4 30. Rxc4 Rd6 31. Rc7 Rb6 32. Ra7 g6 33. Kf2 Kg7 34. g4 h6 35. b4 Kf6 36. h4 Ke6 37. h5 Kf6 38. Kf3 $138 1-0

[Event "Sparkassen-Open A"]
[Site "Heusenstamm, Martinsee"]
[Date "2023.11.24"]
[Round "2.94"]
[White "Lotz, Ralf"]
[Black "Gärtner, Johannes"]
[Result "1/2-1/2"]
[WhiteElo "1872"]
[BlackElo "1582"]
[PlyCount "75"]
[EventDate "2023.??.??"]
[WhiteTeam "SC 1952 Obertshausen"]
[BlackTeam "Sfr.Mainz 1928"]

1. d4 Nf6 2. Nf3 d5 3. Bf4 Bf5 4. e3 e6 5. Be2 c5 6. c3 Bd6 7. Ne5 Nc6 8. Qa4 Qc7 9. Bg3 Ne4 10. Nxc6 bxc6 11. dxc5 Bxg3 12. hxg3 Nxc5 13. Qd4 Qb6 14. Qxg7 Rf8 15. b3 Ne4 16. Nd2 Qa5 17. Nxe4 Bxe4 18. O-O f6 19. Qb7 Rd8 20. Qxc6+ Ke7 21. Qb7+ Rd7 22. Qb4+ Qxb4 23. cxb4 Rb8 24. b5 Rc7 25. Rfc1 Rbc8 26. Rxc7+ Rxc7 27. Kf1 Rc2 28. f3 Bg6 29. Ke1 Kd7 30. g4 Kd6 31. f4 Be4 32. b4 Rb2 33. a3 Rc2 34. g3 Rc3 35. Kd2 Rc2+ 36. Ke1 Rc3 37. Kf2 Rc2 38. Ke1 1/2-1/2

[Event "Sparkassen-Open A"]
[Site "Heusenstamm, Martinsee"]
[Date "2023.11.24"]
[Round "2.95"]
[White "Hinz, André"]
[Black "Röß?, Jonas"]
[Result "1-0"]
[WhiteElo "1690"]
[BlackElo "1588"]
[PlyCount "83"]
[EventDate "2023.??.??"]
[WhiteTeam "SC Brett vorm Kopp Ffm"]
[BlackTeam "SV Würzburg von 1865 e.V."]

1. c4 e6 2. Nf3 d5 3. e3 Nf6 4. b3 b6 5. Nc3 Bb7 6. Be2 Nbd7 7. O-O Nc5 8. cxd5 Nxd5 9. Nxd5 Qxd5 10. Qc2 O-O-O 11. d4 Ne4 12. Bb2 Bd6 13. Rfd1 Ng5 14. Rac1 Kb8 15. h4 Ne4 16. Ne1 g5 17. f3 Ng3 18. e4 Qc6 19. Qxc6 Nxe2+ 20. Kf2 Bxc6 21. Rxc6 Nf4 22. hxg5 Rhg8 23. Rdc1 Bb4 24. Bc3 Bxc3 25. R1xc3 Rxd4 26. g3 Nh3+ 27. Ke3 Rgd8 28. f4 Rd1 29. Nf3 R8d7 30. Ne5 Re1+ 31. Kf3 Rd2 32. Rc1 Ree2 33. Rxc7 Rf2+ 34. Kg4 Rh2 35. f5 exf5+ 36. Kxf5 Rdf2+ 37. Kg4 Rxa2 38. Rxf7 Nf2+ 39. Kf5 Nh1 40. Nc6+ Kc8 41. Nxa7+ Kd8 42. Rc8# 1-0

[Event "Sparkassen-Open A"]
[Site "Heusenstamm, Martinsee"]
[Date "2023.11.24"]
[Round "2.96"]
[White "Gajcin, Jasmina"]
[Black "Gräf, Jakob Vincent"]
[Result "1-0"]
[WhiteElo "1857"]
[BlackElo "1691"]
[PlyCount "57"]
[EventDate "2023.??.??"]
[WhiteTeam "Dublin Chess Club"]
[BlackTeam "SV Frankfurt Nord 1926"]

1. e4 c6 2. d4 d5 3. Nc3 dxe4 4. Nxe4 Bf5 5. Ng3 Bg6 6. Nf3 Nd7 7. h4 h6 8. h5 Bh7 9. Bd3 Bxd3 10. Qxd3 Ngf6 11. Bd2 e6 12. O-O-O Bd6 13. Kb1 a5 14. Ne4 Nxe4 15. Qxe4 Nf6 16. Qe2 b5 17. Ne5 Qb6 18. Qf3 O-O 19. Bxh6 gxh6 20. Qxf6 Bxe5 21. Qxe5 Qd8 22. Rh3 Kh7 23. Qe4+ Kh8 24. Rg3 Qd5 25. Qf4 Kh7 26. Qf6 Rg8 27. Qxf7+ Kh8 28. Rg6 Qxh5 29. Rxg8+ 1-0

[Event "Sparkassen-Open A"]
[Site "Heusenstamm, Martinsee"]
[Date "2023.11.24"]
[Round "2.97"]
[White "Füssel, Jan Michael"]
[Black "Mohr, Thomas"]
[Result "0-1"]
[WhiteElo "1720"]
[BlackElo "1857"]
[PlyCount "62"]
[EventDate "2023.??.??"]
[WhiteTeam "SV Wersten 1964 e. V."]
[BlackTeam "SC FK Babenhausen 1994"]

1. b3 d5 2. Bb2 Nf6 3. e3 c5 4. Nf3 Nc6 5. Be2 e6 6. O-O Be7 7. d4 O-O 8. c4 cxd4 9. Nxd4 Nxd4 10. Bxd4 dxc4 11. Bxc4 b6 12. Qf3 Bd7 13. Nc3 Qe8 14. Rac1 Bc6 15. Qh3 Bd8 16. Rfd1 e5 17. Ne2 exd4 18. Rxd4 Bb5 19. Ng3 Bxc4 20. Rcxc4 Qe6 21. Nf5 b5 22. Rc1 g6 23. Nh6+ Kg7 24. g4 Bb6 25. Rf4 Rac8 26. Re1 Bc7 27. Rf3 Ne4 28. Nf5+ Kh8 29. Nd4 Ng5 30. Qh6 Nxf3+ 31. Nxf3 Qxg4+ 0-1

[Event "Sparkassen-Open A"]
[Site "Heusenstamm, Martinsee"]
[Date "2023.11.24"]
[Round "2.98"]
[White "Vranckx, Oscar"]
[Black "Schmid, Leon"]
[Result "1-0"]
[WhiteElo "1643"]
[BlackElo "1593"]
[PlyCount "91"]
[EventDate "2023.??.??"]
[WhiteTeam "Sfr.Mainz 1928"]
[BlackTeam "Sfr.Heidesheim"]

1. e4 c5 2. Nf3 Nc6 3. d4 cxd4 4. Nxd4 Nf6 5. Nc3 e5 6. Ndb5 d6 7. Bg5 a6 8. Na3 b5 9. Nd5 Be7 10. Bxf6 Bxf6 11. c3 Bg5 12. Nc2 O-O 13. h4 Bh6 14. g4 Bf4 15. Qf3 Be6 16. Nce3 Bxe3 17. Nxe3 Qb6 18. Rd1 Na5 19. Nf5 Rfd8 20. h5 Ra7 21. h6 g6 22. Ne7+ Kf8 23. Qf6 Ke8 24. Nd5 Bxd5 25. Rxd5 b4 26. Rxe5+ Kd7 27. Re7+ Kc8 28. Rxa7 Qxa7 29. cxb4 Nc6 30. Qc3 Kd7 31. Rh3 Ne5 32. Qb3 Qd4 33. Bxa6 Qxe4+ 34. Re3 Qf4 35. Qd5 Rb8 36. a3 f6 37. Bb5+ Ke7 38. Bc4 Kd7 39. Qe6+ Kc7 40. Bd5 Rd8 41. Qe7+ Rd7 42. Qf8 Qd4 43. Rc3+ Kb6 44. Qb8+ Ka6 45. Qc8+ Kb6 46. Rc6+ 1-0

[Event "Sparkassen-Open A"]
[Site "Heusenstamm, Martinsee"]
[Date "2023.11.24"]
[Round "2.99"]
[White "Köpke, Carolina"]
[Black "Marcziter, Alex"]
[Result "0-1"]
[WhiteElo "1482"]
[BlackElo "1791"]
[PlyCount "66"]
[EventDate "2023.??.??"]
[WhiteTeam "SV Oberursel"]
[BlackTeam "SG Porz e. V."]

1. d4 f5 2. Nf3 Nf6 3. Bf4 e6 4. e3 d5 5. Nbd2 c6 6. c3 Be7 7. Ne5 O-O 8. h4 Nbd7 9. h5 Nxe5 10. dxe5 Ne4 11. Nf3 c5 12. Bd3 Bd7 13. Qc2 b5 14. Ke2 Ng5 15. Qd2 Ne4 16. Bxe4 fxe4 17. Ne1 a5 18. Nc2 b4 19. b3 bxc3 20. Qxc3 Bb5+ 21. Ke1 d4 22. Qd2 Ba6 23. Kd1 dxe3 24. Bxe3 Qc7 25. Qc3 Rfd8+ 26. Kc1 Rd3 27. Qb2 Rad8 28. Ne1 Rd1+ 29. Kc2 c4 30. Rc1 cxb3+ 31. Kb1 bxa2+ 32. Ka1 Rxc1+ 33. Bxc1 Rd1 0-1

[Event "Sparkassen-Open A"]
[Site "Heusenstamm, Martinsee"]
[Date "2023.11.24"]
[Round "2.100"]
[White "Vangsgaard, Claus"]
[Black "Leitzig, Reamonn Franky James"]
[Result "1-0"]
[WhiteElo "1853"]
[BlackElo "1540"]
[PlyCount "93"]
[EventDate "2023.??.??"]
[WhiteTeam "Vejlby-Risskov SK"]
[BlackTeam "SV 1934 Ffm-Griesheim"]

1. e4 c5 2. d3 Nc6 3. f4 g6 4. Nf3 Bg7 5. c3 d5 6. Qc2 e6 7. Be2 Nge7 8. O-O O-O 9. Be3 b6 10. Nbd2 Bb7 11. g4 f5 12. Ng5 Qd7 13. gxf5 exf5 14. e5 d4 15. Bf2 Nd5 16. Nh3 Bh6 17. cxd4 cxd4 18. Bg3 Ne3 19. Qb3+ Kh8 20. Rfc1 Na5 21. Qa3 Rfd8 22. b4 Bf8 23. Qb2 Nc6 24. a3 b5 25. Bh4 Be7 26. Bxe7 Qxe7 27. Rc5 Qh4 28. Nf2 Qxf4 29. Bf3 Nxe5 30. Bxb7 N5g4 31. Nxg4 Qxg4+ 32. Kh1 Rab8 33. Bf3 Qh4 34. Rg1 g5 35. Nf1 g4 36. Nxe3 gxf3 37. Nxf5 Qf4 38. Qf2 Rg8 39. Ng3 Rbe8 40. Rd5 Qe3 41. Rf1 Qxf2 42. Rxf2 Re1+ 43. Nf1 Rf8 44. Rxd4 Re2 45. Kg1 Rg8+ 46. Ng3 Re1+ 47. Rf1 1-0

[Event "Sparkassen-Open A"]
[Site "Heusenstamm, Martinsee"]
[Date "2023.11.24"]
[Round "2.101"]
[White "Scheerer, Amelie"]
[Black "Wilke, Jörg"]
[Result "0-1"]
[WhiteElo "1583"]
[BlackElo "1853"]
[PlyCount "62"]
[EventDate "2023.??.??"]
[WhiteTeam "SV 1934 Ffm-Griesheim"]
[BlackTeam "SC Matt im Park Ffm"]

1. e4 b6 2. d4 Bb7 3. Nc3 g6 4. Bd3 Bg7 5. Nf3 e6 6. O-O Ne7 7. Re1 O-O 8. Be3 h6 9. Qd2 Kh7 10. a4 Nbc6 11. Reb1 Nb4 12. a5 f5 13. Ra4 Nxd3 14. Qxd3 Bc6 15. Ra3 fxe4 16. Nxe4 Nd5 17. b4 Qe7 18. Bd2 Nf4 19. Bxf4 Rxf4 20. Ned2 Raf8 21. c3 Qd6 22. Rba1 Bxf3 23. gxf3 e5 24. Ne4 Qe6 25. dxe5 Rxf3 26. Qe2 Bxe5 27. Re1 Qg4+ 28. Kh1 Qh3 29. Ng5+ hxg5 30. Qxe5 Rxf2 31. Raa1 Qg2# 0-1

[Event "Sparkassen-Open A"]
[Site "Heusenstamm, Martinsee"]
[Date "2023.11.24"]
[Round "2.102"]
[White "Bittner, Peter"]
[Black "Neininger, Sarah"]
[Result "0-1"]
[WhiteElo "1852"]
[BlackElo "1604"]
[PlyCount "94"]
[EventDate "2023.??.??"]
[WhiteTeam "SC 1961 König Nied"]
[BlackTeam "VSG 1880 Offenbach"]

1. e4 c5 2. Nf3 e6 3. d4 cxd4 4. Nxd4 Nc6 5. c3 Nf6 6. Bd3 d5 7. Nxc6 bxc6 8. e5 Nd7 9. Qe2 c5 10. O-O Qc7 11. f4 Be7 12. Nd2 O-O 13. Nf3 Qb6 14. Be3 a5 15. Qc2 h6 16. Kh1 Ba6 17. Bxa6 Qxa6 18. f5 exf5 19. Qxf5 Qe6 20. Qh5 Qg6 21. Qxg6 fxg6 22. Rfd1 Nb6 23. b4 Na4 24. Rxd5 Nxc3 25. Rd7 axb4 26. Rxe7 b3 27. Rb7 Rxa2 28. Rxa2 bxa2 29. Ra7 Rb8 30. Rxa2 Rb1+ 31. Ng1 Nxa2 32. Bxc5 Re1 33. Bd4 Nc1 34. h3 Ne2 35. Bf2 Rf1 36. Be3 Kf7 37. Kh2 Nxg1 38. Bxg1 Ke6 39. Bd4 Rd1 40. Bb2 Rd3 41. Kg1 g5 42. Kf1 Rd2 43. Bc3 Rc2 44. Bd4 h5 45. Be3 Kf5 46. e6 Rc7 47. Kf2 Re7 0-1

[Event "Sparkassen-Open A"]
[Site "Heusenstamm, Martinsee"]
[Date "2023.11.24"]
[Round "2.103"]
[White "Kretner, Georg-Ulrich"]
[Black "John, Volkmar"]
[Result "0-1"]
[WhiteElo "1847"]
[BlackElo "1646"]
[PlyCount "108"]
[EventDate "2023.??.??"]
[WhiteTeam "SC Bad Nauheim"]
[BlackTeam "SK Herborn 1946"]

1. d4 Nf6 2. Nf3 e6 3. c4 b6 4. g3 Ba6 5. Qc2 Bb4+ 6. Bd2 Bxd2+ 7. Nbxd2 c5 8. Bg2 Bb7 9. O-O O-O 10. e4 d6 11. e5 dxe5 12. dxe5 Nfd7 13. Ne4 Qc7 14. Nd6 Bc6 15. Rad1 h6 16. Qe2 Na6 17. Rfe1 Rad8 18. Bf1 Bxf3 19. Qxf3 Nxe5 20. Rxe5 Rxd6 21. Rde1 Nb4 22. a3 Nc2 23. R1e4 Nd4 24. Qg2 Rfd8 25. Rh5 f5 26. Reh4 Qc6 27. Qxc6 Nxc6 28. g4 f4 29. Be2 Rd2 30. Bf3 Nd4 31. Kg2 Nxf3 32. Kxf3 Rxb2 33. g5 Rd3+ 34. Ke4 Rd4+ 35. Kf3 Rb3+ 36. Kg2 f3+ 37. Kg3 Rxh4 38. Kxh4 hxg5+ 39. Kxg5 Kf7 40. Rh4 Rxa3 41. Rf4+ Ke7 42. Kg6 Rd3 43. Rf7+ Kd6 44. Rxa7 Rd2 45. Kxg7 Rxf2 46. h4 Rh2 47. Rf7 Rxh4 48. Rxf3 Rxc4 49. Kf6 Re4 50. Rb3 Kc6 51. Rh3 c4 52. Rh8 Kb5 53. Rc8 Kb4 54. Rc6 b5 0-1

[Event "Sparkassen-Open A"]
[Site "Heusenstamm, Martinsee"]
[Date "2023.11.24"]
[Time "09:30:00"]
[Round "2.104"]
[PlyCount "90"]
[White "Kuckel, Michael, Dr."]
[Black "Li, Yunqi"]
[Result "0-1"]
[WhiteElo "1634"]
[BlackElo "1576"]
[WhiteTeam "SC Matt im Park Ffm"]
[BlackTeam "SF 59 Kornwestheim"]

1. d4 Nf6 2. Nf3 d5 3. Nbd2 e6 4. e3 c5 5. c3 Nc6 6. Bd3 Bd6 7. O-O O-O 8. dxc5
Bxc5 9. e4 Qc7 10. Qe2 h6 11. b4 Bb6 12. a4 a6 13. Ba3 dxe4 14. Nxe4 Nxe4 15.
Qxe4 f5 16. Qe2 Rf6 17. Rfe1 Bd7 18. Rad1 Re8 19. b5 axb5 20. axb5 Nd8 21. Ne5
Bc8 22. c4 Ba5 23. Rf1 Bc3 24. Bb2 Bxb2 25. Qxb2 b6 26. Qd4 Nf7 27. f4 Rd8 28.
Qe3 Nxe5 29. fxe5 Rf7 30. Be2 Rfd7 31. Rxd7 Rxd7 32. Rc1 Bb7 33. Bf3 Bxf3 34.
gxf3 f4 35. Qxf4 Qc5+ 36. Kf1 Rd4 37. Qg3 Rxc4 38. Rxc4 Qxc4+ 39. Kg2 Qxb5 40.
Qf4 Qd5 41. h4 b5 42. h5 Qc4 43. Qd2 b4 44. Qd8+ Kh7 45. Qe8 Qc2+
0-1

[Event "Sparkassen-Open A"]
[Site "Heusenstamm, Martinsee"]
[Date "2023.11.24"]
[Round "2.105"]
[White "von Beckh, Frieda"]
[Black "Kanno, Clara Yumi"]
[Result "1-0"]
[WhiteElo "1614"]
[BlackElo "1388"]
[PlyCount "125"]
[EventDate "2023.??.??"]
[WhiteTeam "SK Bad Homburg 1927"]
[BlackTeam "SF Essen-Werden 1924/"]

1. e4 e6 2. d4 d5 3. Nc3 Nf6 4. Bg5 Bb4 5. e5 h6 6. Bd2 Nfd7 7. Qg4 g6 8. Bd3 h5 9. Qg3 Rg8 10. Bg5 Be7 11. Nf3 a6 12. Ne2 c5 13. c3 Nc6 14. Qf4 cxd4 15. Bxe7 Qxe7 16. Nexd4 f6 17. Nxc6 bxc6 18. exf6 Qxf6 19. Qxf6 Nxf6 20. Ne5 Bd7 21. Bxg6+ Ke7 22. O-O Rg7 23. Bd3 Rag8 24. g3 Kd6 25. Nxd7 Nxd7 26. Bxa6 h4 27. Be2 Ne5 28. a4 Ng6 29. Kh1 hxg3 30. fxg3 Rh8 31. b4 Ne5 32. Kg2 Rgh7 33. h4 Rg7 34. Kh3 Nf7 35. a5 Ng5+ 36. Kh2 Ne4 37. Rf3 Ng5 38. Rd3 e5 39. Rf1 e4 40. Rdd1 Ke5 41. a6 Ne6 42. h5 d4 43. g4 d3 44. Rf5+ Kd6 45. Kh3 Ng5+ 46. Kh4 Ke6 47. Rxg5 dxe2 48. Re1 Rxg5 49. Kxg5 Ke5 50. Rxe2 Rg8+ 51. Kh4 Kf4 52. g5 Kf3 53. Ra2 e3 54. h6 e2 55. Ra1 Kf2 56. h7 Rd8 57. Ra2 Rd1 58. g6 Ke3 59. Rxe2+ Kxe2 60. a7 Rh1+ 61. Kg5 Rg1+ 62. Kf6 Rf1+ 63. Kg7 1-0

[Event "Sparkassen-Open A"]
[Site "Heusenstamm, Martinsee"]
[Date "2023.11.24"]
[Round "2.106"]
[White "Pradeep, Harshill"]
[Black "Cors, Heinz-Friedrich"]
[Result "1/2-1/2"]
[WhiteElo "1538"]
[BlackElo "1841"]
[PlyCount "109"]
[EventDate "2023.??.??"]
[WhiteTeam "SK Bickenbach"]
[BlackTeam "Schachforum Darmstadt 1994"]

1. e4 c6 2. d4 d5 3. f3 e6 4. Nc3 Bb4 5. Bf4 Nf6 6. a3 Be7 7. e5 Nfd7 8. Nce2 c5 9. c3 Nc6 10. Be3 Qb6 11. Qd2 Na5 12. Nc1 Nc6 13. f4 cxd4 14. cxd4 Qa5 15. Nf3 Bb4 16. axb4 Qxa1 17. Bb5 a6 18. Bxc6 bxc6 19. Qc2 Rb8 20. O-O Rxb4 21. Nd3 Rc4 22. Qe2 Qa4 23. Nd2 Qb5 24. Nxc4 dxc4 25. Nf2 Qd5 26. Nd1 c5 27. Nc3 Qc6 28. Qxc4 Bb7 29. Rf2 cxd4 30. Qxc6 Bxc6 31. Bxd4 Ke7 32. Ne2 Rb8 33. Ng3 Rb4 34. Bc3 Rb5 35. Ne2 Rd5 36. h3 Ke8 37. Nd4 Bb7 38. Re2 Nc5 39. f5 Bc8 40. fxe6 fxe6 41. Nf3 Bd7 42. Ng5 h6 43. Ne4 Nxe4 44. Rxe4 Bb5 45. Rg4 Rd7 46. Kh2 Rf7 47. Rg6 Kd7 48. Rg4 Kc6 49. Rd4 Rd7 50. Rxd7 Kxd7 51. Kg3 Ke7 52. h4 g6 53. Bd2 h5 54. Kf4 Be2 55. Bc3 1/2-1/2

[Event "Sparkassen-Open A"]
[Site "Heusenstamm, Martinsee"]
[Date "2023.11.24"]
[Round "2.107"]
[White "Armbrust, Matthias"]
[Black "Rotermund, Verena"]
[Result "1/2-1/2"]
[WhiteElo "1838"]
[BlackElo "1581"]
[PlyCount "179"]
[EventDate "2023.??.??"]
[WhiteTeam "Mainz"]
[BlackTeam "Vorw.Orient Mainz"]

1. e4 e6 2. d4 d5 3. Nd2 Nf6 4. e5 Nfd7 5. Bd3 c5 6. c3 Nc6 7. Ne2 Be7 8. Nf3 O-O 9. O-O cxd4 10. cxd4 f6 11. Nf4 Ndxe5 12. dxe5 fxe5 13. Nxe5 Nxe5 14. Bxh7+ Kxh7 15. Qh5+ Kg8 16. Qxe5 Bd6 17. Qd4 Qc7 18. g3 Qf7 19. Qd3 Bd7 20. Bd2 Bc6 21. Nh3 Qf5 22. Qxf5 Rxf5 23. Rfe1 e5 24. a3 Bc5 25. Rac1 Bb6 26. g4 Rf3 27. Kg2 Rd3 28. Bb4 a5 29. Bd6 d4+ 30. f3 Bxf3+ 31. Kg1 e4 32. Nf2 Rd2 33. Nxe4 Rg2+ 34. Kf1 Rxg4 35. Nf2 Rg6 36. Bc5 Bg2+ 37. Ke2 Re8+ 38. Kd2 Rxe1 39. Kxe1 Rc6 40. b4 axb4 41. axb4 Bc7 42. Ra1 Bxh2 43. Bxd4 Bg3 44. Ra3 Re6+ 45. Kd2 Bh4 46. Nd3 Bg5+ 47. Kc3 Rc6+ 48. Kb3 Bd5+ 49. Kb2 Be4 50. Ra8+ Kh7 51. Ne5 Bc1+ 52. Ka1 Ra6+ 53. Rxa6 bxa6 54. Nd7 Bd3 55. Bc3 g5 56. Ne5 Bb5 57. Kb1 Bf4 58. Kc2 Kh6 59. Kd1 Kh5 60. Ke1 Bg3+ 61. Kd2 Kh4 62. Bd4 g4 63. Ke3 Kh3 64. Ke4 Bxe5 65. Kxe5 Kh2 66. Be3 g3 67. Kd4 g2 68. Kc3 g1=Q 69. Bxg1+ Kxg1 70. Kb2 Kf2 71. Ka1 Ke3 72. Kb2 Kd3 73. Ka1 Kc4 74. Ka2 Kxb4 75. Ka1 Ka3 76. Kb1 Kb4 77. Ka1 Bd3 78. Kb2 a5 79. Ka1 Kc3 80. Ka2 Kc2 81. Ka1 a4 82. Ka2 Bc4+ 83. Ka1 Kb3 84. Kb1 a3 85. Ka1 Kb4 86. Kb1 a2+ 87. Ka1 Kc5 88. Kb2 Kd4 89. Ka1 Kd3 90. Kb2 1/2-1/2

[Event "Sparkassen-Open A"]
[Site "Heusenstamm, Martinsee"]
[Date "2023.11.24"]
[Round "2.108"]
[White "Spelleken, Mark"]
[Black "Burlutskaia, Maria"]
[Result "1-0"]
[WhiteElo "1544"]
[BlackElo "1797"]
[PlyCount "45"]
[EventDate "2023.??.??"]
[WhiteTeam "SC Somborn 1933"]
[BlackTeam "SG Porz e. V."]

1. d4 Nf6 2. Bf4 g6 3. e3 Bg7 4. c4 d6 5. Nf3 O-O 6. Nc3 Qe8 7. h3 Bf5 8. Bd3 Bxd3 9. Qxd3 Nc6 10. Bh2 a5 11. O-O e5 12. Qe2 exd4 13. exd4 Qxe2 14. Nxe2 Rfe8 15. Nc3 Ne4 16. Nb5 Re7 17. Rad1 a4 18. Rfe1 Rae8 19. c5 dxc5 20. Nxc7 Rd8 21. d5 Nd6 22. dxc6 Rxc7 23. Rxd6 1-0

[Event "Sparkassen-Open A"]
[Site "Heusenstamm, Martinsee"]
[Date "2023.11.24"]
[Round "2.109"]
[White "Richter, Johanna"]
[Black "Prill, Gerhard"]
[Result "1/2-1/2"]
[WhiteElo "1529"]
[BlackElo "1835"]
[PlyCount "46"]
[EventDate "2023.??.??"]
[WhiteTeam "Sfr.Heidesheim"]
[BlackTeam "SC Heitersheim"]

1. d4 Nf6 2. c4 e6 3. Nc3 Bb4 4. Bd2 b6 5. e3 Bb7 6. Nf3 O-O 7. Bd3 Bxc3 8. Bxc3 Ne4 9. O-O f5 10. Rc1 d6 11. b4 Nd7 12. Bb2 Ndf6 13. c5 Bd5 14. cxb6 cxb6 15. a3 Qd7 16. Nd2 Rac8 17. Nxe4 Nxe4 18. Qe2 Bb7 19. f3 Nf6 20. e4 Rxc1 21. Rxc1 fxe4 22. fxe4 Qe7 23. Rc3 Ne8 1/2-1/2